00591nam a2200181 a 45000010010000000030011000100080041000210350026000620820014000881000024001022450051001262600043001776500035002209420012002559520090002679980037003579990015003940000-8595ELIB.Books110520 1986  a(ELIB.Books)0000-8741 a241 bChi aChildress, James F. aThe Westminster Dictionary of Christian Ethics bPhiladelphia: Westminster Press c1986 aDictionary of Christian Ethics 2ddccBK 00102ddc4070aKBTSbKBTSd2011-05-20l0p3734r2022-01-22 00:00:00w2022-01-22yBK cbate2011-05-20mcatu2020-09-17 c8595d8595